00677nam a2200181 a 450000100100000000500170001000800410002702000150006804000250008308200150010824500850012326000400020830000220024849000430027083000520031395201130036599900170047800004411020201002045143.0140516s1994 sp 000 0 spa d a842060660X aDO-SdBNPbspacBNPHU axxxxbxxxx01aDiccionario de la lengua /cDepartamento de Lexicografía de Anaya Educación. aMadrid :bAlianza Editorial,c1994. a1198 p. ;c18 cm.1 aEl libro de bolsilloaliteraturav1660 0aEl libro de bolsillopliteratura ;n1660972107 001050718MOaGRbGRcCTd2014-05-16iLF1l0oxxxx xxxxp44110-10r2020-06-25w2020-06-25y1ZNo se presta c43599d43599